| 000 | 00996nam a2200229Ia 4500 | ||
|---|---|---|---|
| 999 |
_c39396 _d39396 |
||
| 001 | 5985 | ||
| 003 | GE_BSU | ||
| 005 | 20221031161639.0 | ||
| 008 | 181216s2003ru xx |||||||||||||| ||rus|| | ||
| 040 | _cGE_BSU | ||
| 041 |
_arus _hge |
||
| 080 | _a622.24 В-18 | ||
| 100 |
_aВаршаломидзе,Г.Х. _915675 |
||
| 245 |
_aПроблемы механики бурения нефтяных и газовых скважин / _cГ.Х. Варшаломидзе, Ред. Ц. Мирцхулава. |
||
| 264 |
_aБатуми : _bАджара, _c2003. |
||
| 300 |
_a438 стр.: _b24 см. |
||
| 653 | _aПроблемы механики бурения нефтяных и газовых скважин | ||
| 653 | _aინჟინერია | ||
| 653 | _aპრობლემა საბურღი ნავთობისა და გაზის ჭაბურღილების. | ||
| 700 |
_aМирцхулава, Ц _eრედაქტორი _915676 |
||
| 942 |
_cBK _2udc |
||